[Event "POL-ch U16"]
[Site "Chotowa"]
[Date "2009.03.29"]
[Round "2"]
[White "Nowacki, Krzysztof"]
[Black "Ancuta, Adam"]
[Result "1/2-1/2"]
[WhiteElo "1693"]
[BlackElo "1867"]
[PlyCount "71"]
[EventDate "2009.03.28"]
[EventType "swiss"]
[EventRounds "11"]
[EventCountry "POL"]
[SourceTitle "EXT 2011"]
[Source "ChessBase"]
[SourceDate "2010.11.26"]
[SourceVersion "1"]
[SourceVersionDate "2010.11.26"]
[SourceQuality "1"]

1. e4 e5 2. Nf3 Nc6 3. Bb5 a6 4. Ba4 Nf6 5. 0-0 b5 6. Bb3 Bc5 7. c3 d6 8. d4 Bb6 9. Bg5 h6 10. Bh4 g5 11. Bg3 exd4 12. Nxd4 Bb7 13. Nxc6 Bxc6 14. e5 Ne4 15. exd6 Nxg3 16. hxg3 Qxd6 17. Re1+ Kf8 18. Qxd6+ cxd6 19. Nd2 Kg7 20. Nf3 Rhe8 21. Nd4 Bxd4 22. cxd4 a5 23. Rxe8 Bxe8 24. Rc1 Ra7 25. f3 Re7 26. Kf2 b4 27. Bd5 Bb5 28. Rc2 Bd3 29. Rd2 Bb5 30. Rc2 Bd3 31. Rd2 Bg6 32. Re2 Rc7 33. Be4 a4 34. Bd5 Rc1 35. Re1 Rc7 36. Re2 1/2-1/2